[Event "Petersburg Autumn"]
[Site "St Petersburg RUS"]
[Date "2006.11.04"]
[Round "5"]
[White "Voronenkov,S"]
[Black "Kuznetsov,An"]
[Result "1-0"]
[WhiteElo "1973"]
[BlackElo "2123"]

1.e4 c5 2.Nf3 e6 3.d4 cxd4 4.Nxd4 a6 5.Nc3 Nc6 6.Be3 Bb4 7.Qg4 Qf6 8.O-O-O Bxc3
9.bxc3 h5 10.Qg3 h4 11.Qd6 Qe5 12.Nxc6 Qxd6 13.Rxd6 bxc6 14.Bc4 Ne7 15.f4 Bb7
16.Rhd1 O-O-O 17.Bb6 Ng6 18.Bxd8 Rxd8 19.g3 hxg3 20.hxg3 Kc7 21.R6d2 d5 22.Bd3 Rh8
23.exd5 exd5 24.c4 Ne7 25.Re1 Nc8 26.cxd5 cxd5 27.Bf5 Nd6 28.Re7+ Kb6 29.Bg4 Kc5
30.Bf3 Bc6 31.Rd3 g6 32.Re5 Nc4 33.Rg5 Nb6 34.f5 gxf5 35.Rxf5 Rg8 36.Bh5 Rh8
37.Bxf7 Rh1+ 38.Rd1 Rh3 39.g4 Rg3 40.g5 Bd7 41.Rfxd5+ Nxd5 42.Rxd5+ Kc6 43.Ra5 Bc8
44.g6 Kd6 45.Kb2 Ke7 46.Rc5 Bd7 47.Rc3 Rg5 48.Re3+ Kf8 49.c4 Bf5 50.c5 Bd7
51.Rc3 Bc6 52.Kb3 a5 53.Kc2 Ke7 54.Kd3 Kd7 55.Kd4 Ke7 56.Re3+ Kf8 57.Re6 Bd7
58.Ra6 Bf5 59.Rxa5 Bxg6 60.Bxg6 Rxg6 61.a4 Ke7 62.Ra7+ Kd8 63.Kc4 Kc8 64.Kb5 Kb8
65.Rd7 Kc8 66.Rd6 Rg7 67.a5 Rb7+ 68.Rb6 Rg7 69.a6 Ra7 70.Rh6 Rg7 71.Rh8+ Kc7
72.a7  1-0

[Event "British Rapidplay"]
[Site "Halifax ENG"]
[Date "2006.11.05"]
[Round "7"]
[White "Haslinger,S"]
[Black "Gayson,P"]
[Result "1-0"]
[WhiteElo "2438"]
[BlackElo "2240"]

1.e4 c5 2.Nf3 e6 3.Nc3 a6 4.d4 cxd4 5.Nxd4 d6 6.g4 Nc6 7.Nb3 Be7 8.Be3 Qc7
9.Qe2 Bd7 10.O-O-O Bf6 11.Qd2 Ne5 12.Be2 Be7 13.Bd4 Kf8 14.Bxe5  1-0

[Event "TCh-ROM Divizia A Feminin"]
[Site "Predeal ROM"]
[Date "2006.11.05"]
[Round "2"]
[White "Traistaru,T"]
[Black "Paulet,I"]
[Result "1/2-1/2"]
[WhiteElo "2126"]
[BlackElo "2167"]

1.e4 c5 2.Nc3 e6 3.Nf3 a6 4.d4 cxd4 5.Nxd4 Nc6 6.Be3 d6 7.Be2 Nf6 8.Qd2 Qc7
9.O-O Be7 10.f4 Na5 11.Qd3 b5 12.b4 Nc6 13.Nxc6 Qxc6 14.e5 Nd5 15.Nxd5 exd5
16.Bf3 Bb7 17.exd6 Bxd6 18.Bd4 O-O 19.c3 Bxf4 20.Bd1 Qh6 21.g3 Bg5 22.Bc2 Rae8
23.Rae1 Bc6 24.Qf5 Bd2 25.Rxe8 Bxe8 26.Rf2 Bg5 27.Bc5 d4 28.Bxd4 Be7 29.Be3 Qg6
30.Qh3 f5 31.Bxf5 Qh5 32.Qf1 Bf7 33.g4 Qh4 34.Bc5 Bxc5 35.bxc5 Qe7 36.c6 Qc5
37.Be4 Re8 38.Qd3 Bc4 39.Qf3 Qe5 40.c7 Qxc7 41.Qf5 g6 42.Bd5+ Bxd5 43.Qxd5+ Kg7
44.Kg2  1/2-1/2

[Event "Femida"]
[Site "Kharkiv UKR"]
[Date "2006.11.07"]
[Round "10"]
[White "Atakisi,U"]
[Black "Simonian,H"]
[Result "0-1"]
[WhiteElo "2394"]
[BlackElo "2334"]

1.e4 c5 2.Nf3 e6 3.d4 cxd4 4.Nxd4 a6 5.Nc3 b5 6.Bd3 Bc5 7.Nb3 Be7 8.f4 Bb7
9.Qf3 Nf6 10.Bd2 d6 11.O-O Nbd7 12.Kh1 h5 13.a3 h4 14.Qh3 Rc8 15.Rae1 Qc7
16.e5 dxe5 17.fxe5 Nxe5 18.Bf4 Nxd3 19.Bxc7 Nxe1 20.Rxe1 Rxc7 21.Kg1 Nd5
22.Nxd5 Bxd5 23.Nd4 Bc5 24.Qe3 O-O 25.c4 Bxc4 26.Qe5 Rfc8 27.b4 f6 28.Qxc5 Rxc5
29.bxc5 Rxc5 30.Nxe6 Re5 31.Rxe5 fxe5 32.Nc5 a5 33.Kf2 Kf7 34.Ke3 Bd5 35.g3 hxg3
36.hxg3 Ke7 37.Nd3 Kd6 38.Kd2 Bc4 39.Nf2 b4 40.axb4 axb4 41.Ke3 Bd5 42.Nd3 b3
43.Kd2 e4 44.Nf4 Ke5 45.Kc3 Bf7 46.Ng2 g5 47.Ne3 Be6 48.Nd1 e3 49.Nxe3 Ke4
50.Nf1 Kf3 51.Nd2+ Kxg3 52.Ne4+ Kf4 53.Nc5 Bg8 54.Kd2 Kf3 55.Nd7 g4 56.Ne5+ Kg3
57.Kc3 Kh3  0-1

[Event "TCh-NED 2006-7"]
[Site "Netherlands NED"]
[Date "2006.11.11"]
[Round "3"]
[White "De Boer,Sy"]
[Black "Stellwagen,D"]
[Result "1/2-1/2"]
[WhiteElo "2353"]
[BlackElo "2575"]

1.e4 c5 2.Nf3 e6 3.d4 cxd4 4.Nxd4 a6 5.Nc3 Qc7 6.Bd3 Nc6 7.Nxc6 dxc6 8.O-O e5
9.f4 Nf6 10.Qe2 Bd6 11.f5 b5 12.a4 Bb7 13.Be3 Qe7 14.Nb1 O-O 15.Nd2 c5 16.axb5 axb5
17.Rxa8 Rxa8 18.Bxb5 Nxe4 19.Nxe4 Bxe4 20.Qg4 Qb7 21.Bh6 Bf8 22.f6 Bg6 23.fxg7 Bxg7
24.Bxg7 Kxg7 25.Bc4 Qxb2 26.Rxf7+ Kh8 27.Rf2 Qd4 28.Qf3 e4 29.Qf6+ Qxf6 30.Rxf6 e3
31.Bd3 Kg7 32.Rf3 Bxd3 33.cxd3 Ra1+ 34.Rf1 Ra3 35.Rc1 Rxd3 36.Kf1 Rd5 37.Rc3 Re5
38.Ke2 Kf6 39.Rxe3 Rg5 40.Kf3 Rd5 41.Re8 h5 42.Ke4 Rd4+ 43.Ke3 Rg4 44.Rc8 Rxg2
45.Rxc5 Rxh2  1/2-1/2

[Event "TCh-ROM Divizia A Masculin"]
[Site "Predeal ROM"]
[Date "2006.11.11"]
[Round "8"]
[White "Golubev,M"]
[Black "Nisipeanu,LD"]
[Result "1/2-1/2"]
[WhiteElo "2467"]
[BlackElo "2690"]

1.e4 c5 2.Nf3 e6 3.Nc3 a6 4.d4 cxd4 5.Nxd4 b5 6.Bd3 Bb7 7.O-O Nc6 8.Nxc6 Bxc6
9.Qe2 Bc5 10.a4 b4 11.Nd5 Ne7 12.Nxe7 Qxe7 13.Bxa6 Bxe4 14.Qxe4 Rxa6 15.Qb7 Ra5
16.c4 O-O 17.b3 f5 18.Be3 Bxe3 19.fxe3 Qc5 20.Kh1 Qxe3  1/2-1/2

[Event "10th OIBM"]
[Site "Bad Wiessee GER"]
[Date "2006.11.12"]
[Round "9"]
[White "Wagner,Fl"]
[Black "Valenti,G"]
[Result "0-1"]
[WhiteElo "2132"]
[BlackElo "2252"]

1.e4 c5 2.Nf3 e6 3.d4 cxd4 4.Nxd4 a6 5.Nc3 b5 6.Bd3 Bb7 7.O-O Ne7 8.a4 b4
9.Nce2 Nec6 10.Nf3 d6 11.c3 bxc3 12.Nxc3 Nd7 13.Nd2 Be7 14.f4 O-O 15.Kh1 Rc8
16.Qe2 Nc5 17.Bb1 Nd4 18.Qd1 Bf6 19.e5 dxe5 20.fxe5 Bg5 21.Ra3 f5 22.exf6 Rxf6
23.b4 Rxf1+ 24.Qxf1 Nd7 25.Nce4 Bxe4 26.Bxe4 Nf6 27.Bd3 Nc2 28.Rb3 Ne3 29.Qg1 Qd5
30.Ba3 Neg4 31.Bc4 Qxd2 32.Bxe6+ Kh8  0-1

[Event "ch-CRO"]
[Site "Kutina CRO"]
[Date "2006.11.12"]
[Round "2"]
[White "Saric,Iv"]
[Black "Hulak,K"]
[Result "0-1"]
[WhiteElo "2482"]
[BlackElo "2536"]

1.e4 c5 2.Nf3 e6 3.d4 cxd4 4.Nxd4 a6 5.Nc3 d6 6.Be2 b5 7.O-O Bb7 8.Bf3 Nd7
9.Re1 Ngf6 10.a4 b4 11.Na2 Ne5 12.Nxb4 Be7 13.Na2 O-O 14.Nc3 Nxf3+ 15.Qxf3 Rc8
16.Bd2 Rc4 17.Qd3 Qc7 18.b3 Rc5 19.b4 Rh5 20.h3 d5 21.exd5 Nxd5 22.Qe2 g6
23.Nxd5 Rxd5 24.c3 Bf6 25.b5 Qd6 26.Bh6 Rc8 27.Qg4 Rh5 28.Be3 Rxc3 29.Rad1 Rh4
30.Nf3 Rxg4 31.Rxd6 Rxa4 32.Rb1 axb5 33.Rxb5 Bc6 34.Rb8+ Kg7 35.Rd1 Ra2 36.Nd4 Bd5
37.Rdb1 Rxe3 38.fxe3 Rxg2+ 39.Kf1 Rh2 40.R1b6 Rxh3 41.Ke2 Bg5 42.Nc2 Be4  0-1

[Event "IV Final Russian Cup Women"]
[Site "Moscow RUS"]
[Date "2006.11.12"]
[Round "5"]
[White "Solovjova,V"]
[Black "Vasilevich,I"]
[Result "0-1"]
[WhiteElo "2298"]
[BlackElo "2321"]

1.e4 c5 2.Nf3 e6 3.d4 cxd4 4.Nxd4 a6 5.Nc3 Qc7 6.Be2 Nf6 7.a3 b5 8.O-O Bb7
9.Bf3 Nc6 10.Re1 Ne5 11.Bf4 d6 12.Qe2 Be7 13.Rad1 O-O 14.Bc1 Rac8 15.h4 Qc5
16.Nb3 Qc4 17.Qe3 Qc7 18.Be2 Rfe8 19.h5 Bf8 20.h6 Ng6 21.Bf1 d5 22.exd5 Bxd5
23.hxg7 Bxg7 24.Bd3 Bxb3 25.cxb3 Ng4 26.Qh3 N4e5 27.Bb1 Red8 28.Bg5 Rxd1
29.Rxd1 f5 30.Qe3 Re8 31.Ne2 Ng4 32.Qc1 Qh2+ 33.Kf1 Qh1+ 34.Ng1 Nh2+ 35.Ke2 Qxg2
36.Be3 Ne5 37.Qc7 Bf6 38.Qc2 Nhg4 39.Bd4 Ng6 40.Bxf6 Qxf2+  0-1

[Event "1st Magistral Endesa"]
[Site "Santiago CHI"]
[Date "2006.11.17"]
[Round "1"]
[White "Lopez Silva,H"]
[Black "Alonso,S"]
[Result "1-0"]
[WhiteElo "2417"]
[BlackElo "2434"]

1.e4 c5 2.Nf3 e6 3.d4 cxd4 4.Nxd4 a6 5.Nc3 b5 6.g3 Bb7 7.Bg2 Ne7 8.O-O Nec6
9.Bf4 Nxd4 10.Qxd4 Nc6 11.Qd2 d6 12.a4 bxa4 13.Rfd1 Ne5 14.Nxa4 Qc7 15.c4 f6
16.b4 Rd8 17.Rac1 Be7 18.Qa2 Kf7 19.Be3 Qb8 20.Bb6 Rc8 21.c5 dxc5 22.f4 Bc6
23.bxc5 Nd7 24.f5 Nf8 25.fxe6+ Nxe6 26.Nb2 Bb5 27.Nc4 Rxc5 28.Bxc5 Bxc5+
29.Kh1 Re8 30.Rd5 Kf8 31.Rxc5 Nxc5 32.Qa3 Rc8 33.Na5 Qd6 34.Nb7 Nxb7 35.Rxc8+ Kf7  1-0

[Event "19th Belgrade Trophy"]
[Site "Belgrade SRB"]
[Date "2006.11.22"]
[Round "1"]
[White "Danojlic,P"]
[Black "Nestorovic,L"]
[Result "0-1"]
[WhiteElo "1908"]
[BlackElo "2042"]

1.e4 c5 2.Nf3 e6 3.Nc3 a6 4.d4 cxd4 5.Nxd4 d6 6.Bd3 Nc6 7.Be3 Nf6 8.f3 Be7
9.g4 O-O 10.Qd2 Nxd4 11.Bxd4 b5 12.O-O-O Nd7 13.Kb1 Ne5 14.Qe2 Qa5 15.f4 Nc6
16.Qf2 Nxd4 17.Qxd4 b4 18.Ne2 e5 19.Qg1 Be6 20.b3 exf4 21.Nxf4 Bf6 22.Rd2 Qe5  0-1

[Event "Capablanca mem Open"]
[Site "Havana CUB"]
[Date "2006.11.22"]
[Round "2"]
[White "Haznedaroglu,K"]
[Black "Arias,Le"]
[Result "1-0"]
[WhiteElo "2430"]
[BlackElo "2253"]

1.e4 c5 2.Nf3 e6 3.d4 cxd4 4.Nxd4 a6 5.Nc3 b5 6.Bd3 Qb6 7.Be3 Bc5 8.Be2 Nc6
9.Nxc6 Bxe3 10.fxe3 dxc6 11.Qd4 Qxd4 12.exd4 Nf6 13.e5 Nd5 14.Ne4 Ke7 15.O-O-O Bd7
16.Bf3 a5 17.Rhe1 a4 18.c3 Rhb8 19.a3 Rg8 20.Rd3 Raf8 21.Nc5 Nb6 22.Be4 Rh8
23.Rg3 Rfg8 24.Rf1 Be8 25.Bb1 Nd5 26.Ba2 f5 27.exf6+ gxf6 28.Re1 Bf7 29.Bxd5 Rxg3
30.Bxe6 Rg7 31.Bh3+ Kf8 32.Nd7+ Kg8 33.Nxf6+ Kf8 34.Nd7+ Kg8 35.Re7 h5 36.Ne5 Kf8
37.Rc7 Be8 38.Rc8 Rh6 39.Nd7+ Ke7 40.Nc5 Rf6 41.Rc7+ Kf8 42.Ne6+ Rxe6 43.Rxg7 Re1+
44.Kd2 Rb1 45.Kc2 Rh1 46.Rg5 Rxh2 47.Kc1 Ke7 48.Bf5 h4 49.Be4 h3 50.gxh3 Rxh3
51.Re5+ Kd8 52.Rxe8+  1-0

[Event "Capablanca mem Open"]
[Site "Havana CUB"]
[Date "2006.11.22"]
[Round "2"]
[White "Quezada,Y"]
[Black "Garcia,Os"]
[Result "1-0"]
[WhiteElo "2515"]
[BlackElo "2400"]

1.e4 c5 2.Nf3 e6 3.d4 cxd4 4.Nxd4 a6 5.Nc3 Qc7 6.Bd3 Nf6 7.O-O Bc5 8.Nb3 Ba7
9.Qf3 d6 10.Qg3 Rg8 11.a4 Nbd7 12.Be3 Bb8 13.f4 Qd8 14.Kh1 h5 15.f5 d5 16.Qe1 Ne5
17.Rd1 Qc7 18.Bf4 d4 19.Nb1 Nxd3 20.cxd3 e5 21.Rc1 Qd7 22.Bg5 Bd6 23.Nxd4 Qxa4
24.Nf3 Qb3 25.d4 Qxb2 26.Rf2 Qb5 27.Nc3 Qa5 28.Ra2  1-0

[Event "Capablanca mem Open"]
[Site "Havana CUB"]
[Date "2006.11.24"]
[Round "4"]
[White "Perez,Lu"]
[Black "Arias,Le"]
[Result "1-0"]
[WhiteElo "2455"]
[BlackElo "2253"]

1.e4 c5 2.Nf3 e6 3.d4 cxd4 4.Nxd4 a6 5.Nc3 b5 6.Bd3 Qb6 7.Nb3 Qc7 8.O-O Nf6
9.Qe2 d6 10.f4 Nbd7 11.Bd2 Bb7 12.Rae1 b4 13.Nd1 Be7 14.Kh1 a5 15.e5 Nd5
16.f5 Nxe5 17.fxe6 O-O 18.exf7+ Rxf7 19.Rxf7 Nxf7 20.Qe4 Bf6 21.Qe8+  1-0

[Event "1st Magistral Endesa"]
[Site "Santiago CHI"]
[Date "2006.11.24"]
[Round "9"]
[White "Alonso,S"]
[Black "Hellsten,J"]
[Result "1/2-1/2"]
[WhiteElo "2434"]
[BlackElo "2592"]

1.e4 c5 2.Nf3 e6 3.d4 cxd4 4.Nxd4 a6 5.Nc3 Qc7 6.Bd3 Nf6 7.O-O d6 8.f4 b5
9.Qe2 Bb7 10.a3 Nbd7 11.Kh1 Be7 12.Bd2 Nc5 13.Rac1 O-O 14.b4 Nxd3 15.cxd3 Qd7
16.g4 Rac8 17.g5 Ne8 18.f5 exf5 19.Nxf5  1/2-1/2

[Event "Capablanca mem Open"]
[Site "Havana CUB"]
[Date "2006.11.26"]
[Round "6"]
[White "Gongora,M"]
[Black "Arias,Le"]
[Result "1-0"]
[WhiteElo "2467"]
[BlackElo "2253"]

1.e4 c5 2.Nf3 e6 3.d4 cxd4 4.Nxd4 a6 5.Nc3 b5 6.Bd3 Qb6 7.Nf3 Nc6 8.O-O Bb7
9.Qe2 d6 10.a4 b4 11.a5 Qc7 12.Na4 Nf6 13.Nb6 Ra7 14.Be3 Be7 15.Nd2 O-O 16.f4 e5
17.Nb3 exf4 18.Rxf4 Ne5 19.Raf1 Nxd3 20.cxd3 d5 21.Rxf6 gxf6 22.Bd4 Qd8 23.Qg4+ Kh8
24.Qh4 Rg8 25.Rxf6 Rg7 26.Qh6 Kg8 27.Rd6 Qf8 28.Nd7  1-0

[Event "73rd ch-BRA"]
[Site "Guarulhos BRA"]
[Date "2006.11.28"]
[Round "6"]
[White "Van Riemsdijk,H"]
[Black "Vescovi,G"]
[Result "1/2-1/2"]
[WhiteElo "2381"]
[BlackElo "2592"]

1.e4 c5 2.Nf3 e6 3.d4 cxd4 4.Nxd4 a6 5.Nc3 d6 6.g3 Nf6 7.Bg2 Be7 8.O-O O-O
9.a4 Qc7 10.Be3 Nc6 11.h3 Bd7 12.Nxc6 bxc6 13.a5 Rab8 14.Bb6 Qc8 15.Qe2 c5
16.Rfd1 Bc6 17.Nd5 Bxd5 18.exd5 e5 19.Bf1 Ra8 20.b4 cxb4 21.Rab1 Bd8 22.Rxb4 Bxb6
23.Rxb6 Qc5 24.Rc6 Qa3 25.Rxa6 Rxa6 26.Qxa6 e4 27.Qb6 Nd7 28.Qd4 Qxa5 29.Qxe4 Ne5
30.Bg2 Qc5 31.Rd2 Rc8 32.Kh2 h6 33.Re2 Qb5 34.Qe3 Re8 35.Kh1 Re7 36.Re1 Qc4
37.Ra1 Ng6 38.Qd3 Qc5 39.Kg1 Re8 40.c3 Ne5 41.Qd4 Qb5 42.Qa4 Qb8 43.Qb4 Qc7
44.Ra6 Rd8 45.Qb6 Qe7 46.Ra7 Nd7 47.Qc7 Qf6 48.Ra4 g5 49.Ra6 Ne5 50.Be4 Kg7
51.Kg2 Rd7 52.Qb8 Qd8 53.Qxd8 Rxd8 54.f4 gxf4 55.gxf4 Ng6 56.Bxg6 Kxg6 57.c4 Kf5
58.Kf3 h5 59.h4 f6 60.Rc6 Rd7 61.Rc8 Ra7 62.Re8 Ra1 63.Re6 Rc1 64.Rxd6 Rxc4
65.Kg3 Rd4 66.Rd8 Rd3+ 67.Kg2 Kxf4 68.d6 f5 69.d7 Rd1 70.Kf2 Rd2+ 71.Kg1 Kf3
72.Rf8 Rxd7  1/2-1/2

[Event "Capablanca mem Open"]
[Site "Havana CUB"]
[Date "2006.11.28"]
[Round "8"]
[White "Gongora,M"]
[Black "Garcia,Os"]
[Result "1-0"]
[WhiteElo "2467"]
[BlackElo "2400"]

1.e4 c5 2.Nf3 e6 3.d4 cxd4 4.Nxd4 a6 5.Nc3 Qc7 6.Bd3 Nf6 7.O-O Bc5 8.Nb3 Ba7
9.Qe2 Nc6 10.Be3 Bxe3 11.Qxe3 Ng4 12.Qh3 h5 13.a4 g5 14.a5 Nce5 15.Be2 Ng6
16.Qg3 Nf4 17.Rfe1 Nxe2+ 18.Rxe2 Qxg3 19.hxg3 Ne5 20.Na4 g4 21.Nb6 Rb8 22.Rd1 Ke7
23.Red2 Rd8 24.c4 f6 25.c5 Nf7 26.Rd6 Ne5 27.Nd2 Ke8 28.Kf1 Ke7 29.Ke2 Kf7
30.Rh1 Kg6 31.f3 gxf3+ 32.gxf3 Nc6 33.Ndc4 Rg8 34.f4 Rg7 35.Kf3 Rh7 36.Rh2 Nd8
37.Rd1 d5 38.cxd6 Bd7 39.Nxd7 Rxd7 40.e5 Rh7 41.exf6 Nc6 42.Ke4 Kxf6 43.g4 Rbh8
44.g5+ Kf7 45.Rg2 Ke8 46.Ne5 h4 47.d7+ Ke7 48.Ng6+ Kd8 49.Nxh8 Rxh8 50.g6 h3
51.g7 Rg8 52.Rg5 h2 53.f5 exf5+ 54.Kxf5 Nd4+ 55.Kf6 Nf3 56.Rc5  1-0

[Event "Capablanca mem Open"]
[Site "Havana CUB"]
[Date "2006.11.28"]
[Round "8"]
[White "Quezada,Y"]
[Black "Soto Paez,O"]
[Result "1/2-1/2"]
[WhiteElo "2515"]
[BlackElo "2315"]

1.e4 c5 2.Nf3 e6 3.d4 cxd4 4.Nxd4 a6 5.Nc3 b5 6.Bd3 Qb6 7.Nf3 Nc6 8.O-O Qb8
9.Re1 Nge7 10.e5 Ng6 11.Qe2 f5 12.h4 Bc5 13.h5 Nge7 14.Be3 Qb6 15.Bxc5 Qxc5
16.Qd2 Bb7 17.Rad1 Rd8 18.Bf1 Nb4 19.Nd4 Nbd5 20.Nxd5 Nxd5 21.Nb3 Qe7 22.Be2 O-O
23.Bf3 Rc8 24.c3 h6 25.Nd4 Ba8 26.Nc2 Rf7 27.a3 Qh4 28.Qd4 Qg5 29.Qa7 Nxc3
30.Rd3 Bxf3 31.Rxf3 Ne4 32.Nb4 Rc1 33.Re3 Rxe1+ 34.Rxe1 Qd2 35.Qe3 Qxb2 36.Re2 Qa1+
37.Re1 Qc3 38.Qxc3 Nxc3 39.Re3 Na4 40.Nxa6 f4 41.Rb3 Rf5 42.Rxb5 Rxh5 43.Nb8 Nc3
44.Rc5 Ne2+ 45.Kf1 f3 46.gxf3 Nf4 47.Kg1 Ne2+ 48.Kf1 Nf4 49.Kg1 Rg5+ 50.Kf1 d5
51.Rc8+ Kh7 52.Nd7 h5 53.Rf8 Ng6 54.f4 Rg4 55.f3 Rh4 56.Re8 Nxf4 57.Nf8+ Kg8
58.Nxe6+ Kf7 59.Nc7 Rh1+ 60.Kf2 Rc1 61.e6+ Nxe6 62.Rxe6 Rc2+ 63.Kg3 Rxc7
64.Re5 Rd7 65.Rxh5 d4 66.Kf4 d3 67.Rh1 Ra7 68.Rd1 Rxa3 69.Ke4 Kf6 70.Rxd3 Rxd3
71.Kxd3  1/2-1/2

[Event "ch-ESP Abierto"]
[Site "Leon ESP"]
[Date "2006.11.28"]
[Round "7"]
[White "Almagro Llamas,P"]
[Black "Vehi Bach,V"]
[Result "0-1"]
[WhiteElo "2404"]
[BlackElo "2329"]

1.e4 c5 2.Nf3 e6 3.d4 cxd4 4.Nxd4 a6 5.Nc3 Qc7 6.g3 Nc6 7.Bg2 d6 8.O-O Bd7
9.a4 Nf6 10.Nb3 Be7 11.a5 Ne5 12.f4 Nc4 13.Qe2 h6 14.e5 Nh7 15.exd6 Nxd6
16.f5 Nxf5 17.Rxf5 exf5 18.Nd5 Qd8 19.Bf4 Be6 20.Rd1 O-O 21.Nxe7+ Qxe7 22.Bd6 Qf6
23.Bxf8 Rxf8 24.Bxb7 Bc8 25.Bxc8 Rxc8 26.c3 Ng5 27.Rf1 Qc6 28.h4 Ne4 29.Kh2 g6
30.Nd4 Qc7 31.Qe3 Nf6 32.Kh3 Ng4 33.Qf4 Qxa5 34.h5 Qe5 35.Qxe5 Nxe5 36.Ra1 Rb8
37.b4 Rb6 38.hxg6 fxg6 39.Re1 Ng4 40.Re7 Kf8 41.Rc7 Ne3 42.Kh2 Rd6 43.Kg1 Nd5
44.Rc8+ Kf7 45.Ne2 Kf6 46.Kf2 g5 47.Rc5 Kg6 48.b5 axb5 49.Rxb5 Nf6 50.c4 Ne4+
51.Ke3 Nxg3  0-1

[Event "19th Belgrade Trophy"]
[Site "Belgrade SRB"]
[Date "2006.11.29"]
[Round "8"]
[White "Pap,M"]
[Black "Panic,Ne"]
[Result "1-0"]
[WhiteElo "2430"]
[BlackElo "2342"]

1.e4 c5 2.Nf3 e6 3.Nc3 a6 4.d4 cxd4 5.Nxd4 Qc7 6.Bd3 Nf6 7.O-O Nc6 8.Be3 Bd6
9.f4 Nxd4 10.e5 Bc5 11.exf6 Nxc2 12.fxg7 Bxe3+ 13.Kh1 Rg8 14.Qxc2 Bd4 15.f5 Rxg7
16.Qd2 Bxc3 17.bxc3 exf5 18.Qh6 Kf8 19.Rxf5 d5 20.Rg5 f5 21.Re1 Be6 22.Qxe6  1-0

[Event "Capablanca mem Open"]
[Site "Havana CUB"]
[Date "2006.11.30"]
[Round "10"]
[White "Soto Paez,O"]
[Black "Alvarez Pedraza,A"]
[Result "0-1"]
[WhiteElo "2315"]
[BlackElo "2439"]

1.e4 c5 2.Nf3 e6 3.d4 cxd4 4.Nxd4 a6 5.Nc3 Qc7 6.Bd3 Nf6 7.Qe2 d6 8.O-O Nbd7
9.Kh1 b5 10.Bg5 Bb7 11.Rae1 Be7 12.f4 h6 13.Bh4 b4 14.Nd1 Nc5 15.e5 dxe5
16.fxe5 Nd5 17.Qh5 Bxh4 18.Qxh4 g5 19.Qf2 Nf4 20.Ne3 O-O-O 21.Nb3 Ncxd3 22.cxd3 Nxd3
23.Qe2 Nxe1 24.Rxe1 Qxe5 25.Qc4+ Kb8 26.Qxb4 Qe4 27.Qb6 Qc6 28.Qb4 Rd3 29.Na5 Qb5
30.Qxb5 axb5 31.Nb3 Rc8 32.Kg1 f5 33.Nf1 Rc2 34.Ne3 Rxb2 35.Kf1 f4 36.Nd1 Bxg2+
37.Kg1 Rbxb3 38.axb3 Bd5 39.b4 Rb3 40.Nf2 Rxb4 41.Ng4 Rb2 42.Kf1 Rg2 43.h3 Rg3
44.Nxh6 Rxh3  0-1

[Event "Capablanca mem Open"]
[Site "Havana CUB"]
[Date "2006.11.30"]
[Round "10"]
[White "Pozo Vera,S"]
[Black "Barrientos,S"]
[Result "1/2-1/2"]
[WhiteElo "2462"]
[BlackElo "2421"]

1.e4 c5 2.Nf3 e6 3.Nc3 a6 4.d4 cxd4 5.Nxd4 Qc7 6.Bd3 Nc6 7.Be3 Nf6 8.O-O Nxd4
9.Bxd4 Bc5 10.Bxc5 Qxc5 11.Na4 Qa5 12.c4 d6 13.a3 Bd7 14.Nc3 O-O 15.Qe2 Rac8
16.Kh1 e5 17.f4 exf4 18.Rxf4 Qe5 19.Raf1 Rfe8 20.Qf3 Be6 21.Nd5 Bxd5 22.exd5 Qg5
23.Qh3 h6 24.Qf3 Rc7 25.Rf5 Qe3 26.Rxf6 gxf6 27.Qf5 Qe5 28.Qh7+ Kf8 29.Qxh6+ Ke7
30.Rf2 Qe1+ 31.Rf1 Qe5 32.Rf2 Qe1+ 33.Rf1  1/2-1/2

[Event "FSIM December"]
[Site "Budapest HUN"]
[Date "2006.12.02"]
[Round "1"]
[White "Fette,M"]
[Black "Humphrey,J"]
[Result "1/2-1/2"]
[WhiteElo "2315"]
[BlackElo "2256"]

1.e4 c5 2.Nf3 e6 3.Nc3 a6 4.d4 cxd4 5.Nxd4 b5 6.Bd3 Qb6 7.Be3 Bc5 8.Nce2 Nf6
9.c3 Ng4 10.b4 Nxe3 11.fxe3 Bd6 12.O-O Nc6 13.Kh1 Ne5 14.Nf4 Bb7 15.a4 bxa4
16.Rxa4 O-O 17.Bb1 Rfc8 18.Qe1 a5 19.Rxa5 Rxa5 20.bxa5 Qxa5 21.Qg3 Rxc3 22.Nh5 Bf8
23.Nf6+ Kh8 24.Nd5 exd5 25.Qxe5 Qc5 26.Bc2 dxe4 27.Rxf7 Rxe3 28.g4 Qb4 29.Kg2 h6
30.Qe8 Kg8 31.Qxd7 Rf3 32.Nxf3 exf3+ 33.Kh3 Bc8 34.Rxg7+ Bxg7 35.Qxc8+ Qf8
36.Qe6+ Qf7  1/2-1/2

[Event "XV Asiad Men's Rapid"]
[Site "Doha QAT"]
[Date "2006.12.03"]
[Round "4"]
[White "Mongontuul,B"]
[Black "Mir Mahmoud,A"]
[Result "1/2-1/2"]
[WhiteElo "2383"]
[BlackElo "1961"]

1.e4 c5 2.Nf3 e6 3.d4 cxd4 4.Nxd4 a6 5.Nc3 Qc7 6.Bd3 Nf6 7.O-O Nc6 8.Nxc6 dxc6
9.f4 Bc5+ 10.Kh1 h5 11.e5 Nd5 12.Ne4 Be7 13.c4 Nb4 14.Be2 c5 15.Bxh5 b6 16.Bf3 Nc6
17.Be3 Bb7 18.a3 Rd8 19.Qe2 Nd4 20.Bxd4 Rxd4 21.Rad1 Bxe4 22.Bxe4 Rxd1 23.Rxd1 g6
24.Qc2 b5 25.Qd3 bxc4 26.Qxc4 O-O 27.Qxa6 Rb8 28.Qe2 Qb6 29.Rd2 Kg7 30.h3 Rd8
31.Rc2 Rd4 32.Kh2 Qa5 33.Qe3 Qa4 34.b4 Qa7 35.Rb2 cxb4 36.axb4 Qb6 37.Bf3 Bxb4
38.Rc2 Bc5 39.Qc3 Bb4 40.Qe3 Bc5 41.Qc1 Bb4 42.Rc6 Qa5 43.Qe3 Rd2 44.f5 exf5
45.e6 Qb5 46.e7 Bxe7 47.Qxe7 Rd3 48.Qf6+ Kh6 49.Qh8+ Kg5 50.Qf6+ Kh6 51.Qxf7 Qe5+
52.g3 Rd2+ 53.Bg2 Rxg2+ 54.Kxg2 Qe4+ 55.Kf2 Qxc6 56.Qf8+ Kh7 57.Qe7+ Kh6
58.h4 Qc2+ 59.Kf3 Qd3+ 60.Qe3+ Qxe3+ 61.Kxe3 g5 62.hxg5+ Kxg5 63.Kf3 Kg6
64.Kf4 Kf6 65.g4  1/2-1/2

[Event "Polyarniy Krug"]
[Site "Salekhard RUS"]
[Date "2006.12.03"]
[Round "5"]
[White "Rozhkov,Ve"]
[Black "Stroganov,And"]
[Result "1-0"]
[WhiteElo "2287"]
[BlackElo "1932"]

1.e4 c5 2.Nf3 e6 3.d4 cxd4 4.Nxd4 a6 5.Nc3 Qc7 6.g3 b6 7.Bg2 Bb7 8.O-O Nf6
9.Be3 d6 10.Nb3 Be7 11.f4 Nbd7 12.a4 Nc5 13.Nxc5 dxc5 14.Qe2 h5 15.h3 Rc8
16.Rad1 Rd8 17.Rxd8+ Bxd8 18.Rd1 Qc8 19.b3 Qa8 20.e5 Bxg2 21.Qxg2 Qxg2+ 22.Kxg2 Nd7
23.Ne4 Ke7 24.a5 f5 25.Ng5 bxa5 26.Rd6 Rh6 27.Rxa6 Bb6 28.Rxb6 Nxb6 29.Bxc5+ Kd7
30.Bxb6 a4 31.bxa4 Rh8 32.c4 Rc8 33.c5  1-0

[Event "FSGM December"]
[Site "Budapest HUN"]
[Date "2006.12.05"]
[Round "4"]
[White "Smith,Bry"]
[Black "Boros,De"]
[Result "1-0"]
[WhiteElo "2390"]
[BlackElo "2465"]

1.e4 c5 2.Nf3 e6 3.d4 cxd4 4.Nxd4 a6 5.Nc3 b5 6.Bd3 Bb7 7.O-O Qb6 8.Nb3 Nf6
9.Qe2 d6 10.a4 b4 11.a5 Qc6 12.Na4 Nbd7 13.Nb6 Ra7 14.Be3 Nc5 15.f3 Be7 16.Nd4 Qc7
17.Bb5+ Kf8 18.Bc4 d5 19.exd5 exd5 20.Nf5 dxc4 21.Bf4 Qd8 22.Rad1 Bd5 23.Nxd5 Nxd5
24.Nxe7 Rxe7 25.Qxc4 Rd7 26.Qxc5+ Kg8 27.Bg3 h5 28.Rd4 h4 29.Bf2 Rh5 30.Rfd1 h3
31.c4 bxc3 32.bxc3 Qg5 33.g4 Qf6 34.R4d3 Rc7 35.Qd4 Re5 36.Bg3 Rce7 37.Bxe5 Rxe5
38.c4 Qe7 39.Rf1 Nb4 40.Qd8+ Qxd8 41.Rxd8+ Kh7 42.Rb1 Nc2 43.Rd2 Ne1 44.Kf2 Ng2
45.Rc1 Rc5 46.Rd5 Rc7 47.c5 Nf4 48.Rd2 Rc6 49.Rd6  1-0

[Event "ch-ROM"]
[Site "Predeal ROM"]
[Date "2006.12.05"]
[Round "9"]
[White "Berescu,A"]
[Black "Preda,M"]
[Result "1-0"]
[WhiteElo "2485"]
[BlackElo "2094"]

1.e4 c5 2.Nf3 e6 3.d4 cxd4 4.Nxd4 a6 5.Nc3 Qc7 6.g3 Bb4 7.Bd2 Nf6 8.Bg2 Be7
9.f4 d6 10.a4 Nc6 11.Nb3 b6 12.O-O Bb7 13.Kh1 O-O 14.g4 Rfe8 15.g5 Nd7 16.Qh5 Bf8
17.Rf3 g6 18.Qh4 Bg7 19.Rh3 Nf8 20.f5 Ne5 21.f6 Bh8 22.Rd1 Nc4 23.Bc1 Rad8
24.Nd4 Qc5 25.b3 Ne5 26.Bb2 d5 27.exd5 exd5 28.Re3 Bc8 29.Rde1 Ng4 30.Rxe8 Rxe8
31.Rxe8 Qxd4 32.Ba3 h5 33.Rxf8+  1-0

[Event "Open A"]
[Site "Benidorm ESP"]
[Date "2006.12.06"]
[Round "6"]
[White "Pena,Alf"]
[Black "Fokin,Se RUS"]
[Result "1/2-1/2"]
[WhiteElo "2274"]
[BlackElo "2157"]

1.e4 c5 2.Nf3 e6 3.d4 cxd4 4.Nxd4 a6 5.Nc3 Qc7 6.Bd3 Nf6 7.Qe2 d6 8.O-O Nbd7
9.Kh1 Be7 10.a4 O-O 11.Bd2 b6 12.f4 Bb7 13.Rae1 Nc5 14.f5 e5 15.Nf3 Rfe8
16.Bg5 d5 17.Bxf6 Bxf6 18.Nxd5 Bxd5 19.exd5 e4 20.Nd2 Bxb2 21.Nxe4 Nxe4 22.Bxe4 Bc3
23.d6 Qxd6 24.Bxa8 Rxe2 25.Rxe2 g6 26.Bb7 a5 27.fxg6 hxg6 28.Ba6 Kg7 29.Bc4 f6
30.Re6 Qc7 31.Bb5 Be5 32.Rc6 Qd8 33.Re6 Qd4 34.Re7+ Kh6 35.Re8 Kg5 36.Rh8 f5
37.Rh3 Qd2 38.Rd3 Qxc2 39.Rdf3 Qe4 40.Rh3 Bd4 41.Rhf3 Kf6 42.Rf4 Qe5 43.R4f3 Bc5
44.g3 Qe4 45.h3 Kg5 46.Kh2 Qc2+ 47.Kh1 Qe4 48.Kh2 Kf6 49.Kh1 Kg7 50.Kh2 Bd6
51.Kg1 Be5 52.Kh2 Qc2+ 53.R1f2 Qe4 54.Rf1 Qc2+ 55.R1f2  1/2-1/2

[Event "Open A"]
[Site "Benidorm ESP"]
[Date "2006.12.07"]
[Round "7"]
[White "Forsaa,E"]
[Black "Cappon,J"]
[Result "1-0"]
[WhiteElo "2170"]
[BlackElo "2240"]

1.e4 c5 2.Nf3 e6 3.d4 cxd4 4.Nxd4 a6 5.Nc3 Qc7 6.Bd3 Nc6 7.Be3 Nf6 8.O-O Ne5
9.Nf3 Nfg4 10.Nxe5 Nxe3 11.Qh5 g6 12.Qf3 Qxe5 13.fxe3 f6 14.Qxf6 Qxf6 15.Rxf6 Bg7
16.Rf3 d6 17.Raf1 b5 18.e5 Bxe5 19.Rf7 Rb8 20.Rxh7 Rg8 21.Rff7 d5 22.Nxd5  1-0

[Event "ch-RUS w"]
[Site "Gorodets RUS"]
[Date "2006.12.08"]
[Round "7"]
[White "Bodnaruk,A"]
[Black "Galliamova,A"]
[Result "0-1"]
[WhiteElo "2255"]
[BlackElo "2470"]

1.e4 c5 2.Nc3 e6 3.Nf3 a6 4.d4 cxd4 5.Nxd4 d6 6.Be3 Nf6 7.Be2 Qc7 8.O-O b5
9.a3 Bb7 10.f3 Be7 11.g4 O-O 12.g5 Nfd7 13.f4 Nc5 14.Bf3 Re8 15.Bg2 Bf8 16.Qg4 Nbd7
17.Rae1 Nb6 18.f5 exf5 19.exf5 g6 20.Qh3 Nca4 21.Nxa4 Nxa4 22.Rf4 Re5 23.Rh4 Bxg2
24.Kxg2 h5 25.gxh6 Rae8 26.h7+ Kh8 27.Bg5 Bg7 28.Rf1 Nxb2 29.Rg4 Nc4 30.Rf3 Qc5
31.Qh4 Qd5 32.Kf2 Re4 33.Bf6 Rxg4 34.Bxg7+ Kxg7 35.h8=Q+ Rxh8 36.f6+ Kg8
37.Qxg4 Rxh2+ 38.Kg1 Rh5 39.Qc8+ Kh7 40.c3 Qg5+ 41.Kf2 Rh2+ 42.Kf1 Qc1+  0-1